Tagore and China (Record no. 1108158)

MARC details
000 -LEADER
fixed length control field 00814nam a2200253Ia 4500
003 - CONTROL NUMBER IDENTIFIER
control field OSt
005 - DATE AND TIME OF LATEST TRANSACTION
control field 20221006155026.0
008 - FIXED-LENGTH DATA ELEMENTS--GENERAL INFORMATION
fixed length control field 221006b |||||||| |||| 00| 0 eng d
020 ## - INTERNATIONAL STANDARD BOOK NUMBER
International Standard Book Number 9788132106371
037 ## - SOURCE OF ACQUISITION
Terms of availability Textual
040 ## - CATALOGING SOURCE
Original cataloging agency EASL
Transcribing agency EASL
Language of cataloging eng
041 ## - LANGUAGE CODE
Source of code eng
Language code of text/sound track or separate title eng
100 ## - MAIN ENTRY--PERSONAL NAME
Personal name Tan Chung etc. Ed.
9 (RLIN) 668154
245 #0 - TITLE STATEMENT
Title Tagore and China
260 ## - PUBLICATION, DISTRIBUTION, ETC.
Place of publication, distribution, etc. New Delhi
Name of publisher, distributor, etc. Sage Publication India Pvt Ltd India
Date of publication, distribution, etc. 2011
300 ## - PHYSICAL DESCRIPTION
Extent xxxii,370p.
Dimensions cm.
650 ## - SUBJECT ADDED ENTRY--TOPICAL TERM
Topical term or geographic name entry element CEL
942 ## - ADDED ENTRY ELEMENTS (KOHA)
Classification part O157y7M610aV41, Q1
Koha item type Textual
Source of classification or shelving scheme Colon Classification (CC)
Holdings
Withdrawn status Lost status Source of classification or shelving scheme Damaged status Not for loan Home library Current library Date acquired Source of acquisition Cost, normal purchase price Total Checkouts Full call number Barcode Date last seen Cost, replacement price Price effective from Koha item type
    Colon Classification (CC)     Department of East Asian Studies Library Department of East Asian Studies Library 2022-10-06 HO/2011/CRB/1600, 05/03/2012, KW Pub ;Private Limited 895.00   O157y7M610aV41 Q1 EA1395424 2022-10-06 895.00 2022-10-06 Textual
Copyright @ Delhi University Library System